000 01132ntaaa2200277 4500
003 01
005 20251027203321.0
008 0714s1973 ag 01
020 _a950551137X
040 _aAR-BaBN
_bspa
_cAR-BaBN
_eaacr
_dRIC
082 _a922.742 G58
100 _aGonzález, Justo L.
_974
111 _aCátedra Carnahan
_n2003
_cInstituto Universitario ISEDET, Buenos Aires
_936571
245 _aJuan Wesley :
_bdesafíos para nuestro siglo /
_cJusto L. González
260 _aBuenos Aires :
_bFAIE,
_c2004
300 _a138 p. ;
_c22 x 15 cm
500 _aCátedra Carnahan 2003 Instituto Universitario ISEDET
505 _tLa teología práctica de Juan Wesley, o: una teología a caballo
505 _tWesley ante la política y la economía, o: ¿Por qué están tan caros los huevos?
505 _tEl Espíritu Santo en la vida de Wesley, o: Pentencostés, si; entusiasmo, no
505 _tLa tarea pastoral en la tradición wesleyana
505 _tDos sermones de Juan Wesley: Reflexiones sobre la esclavitud y El espíritu católico
650 _aARGENTINA
_94582
650 _aHISTORIA
_9175
942 _cBK
999 _c28669
_d28669